LEADER 01270nam a2200277 u 4500 001 000000015671 003 CaOOAMICUS 005 20070226105915.0 008 940517s1974 nju u000 u eng u 035 $a10365924 040 $aPUL(R)$bita 041 1 $aeng$hfre 100 1 $aPirenne, Henri,$d1862-1935.$0(OLS)http://pul/name/4858 245 10$aMedieval cities :$btheir origins and the revival of trade /$cby Henri Pirenne ; translated from the french by Frank D. Halsey. 260 $aPrinceton (N.J.) :$bPrinceton University Press,$c[1974] 300 $axii, 253 p. ;$c21 cm 650 0$aCities and towns, Medieval.$2//eng$0(OLS)http://pul/subject/10993 650 0$aCivilization, Medieval.$0(OLS)http://pul/subject/3338 650 0$aMiddle Ages$xCommerce.$2//eng$0(OLS)http://pul/subject/10994 700 1 $aHalsey, Frank D.$0(OLS)http://pul/name/14373 850 $aPUL 852 $aPUL$W1$xSL Filosofia 1$y2$m107 E 47$j22026$nBK-PRI$b $qStampati$B22026$CPULBib$Z2$F22026 $H $81 941 1 $a8 961 $aINV: 42424 996 $6245$aMedieval cities :$btheir origins and the revival of trade$9(OLS)http://pul/title/22455 996 $6260$aPrinceton (N.J.) :$bPrinceton University Press$9(OLS)http://pul/publisher/54787 LEADER 01501nam a2200313 a 4500 001 000000172985 003 CaOOAMICUS 005 20200113184018.0 008 200113s2018 it frm z000 u ita r 020 $a978-617-7706-84-6* 032 $aLibriCat 040 $aPUL$bita 100 1 $aMorozov, Kostiantyn, o.f.m.cap.$0(OLS)http://pul/name/111098 245 10$aDall'Inferno alla salvezza : $ble ragioni del cambiamento riguardo il destino eterno dei bambini che muoiono senza Battesimo /$cKostinatyn Morozov. 260 $aRoma :$b[s.n.],$c2018. 300 $a414 p. ;$c24 cm 502 $aTesi -- Pontificia Università Gregoriana -- Facoltà di Teologia, 2018. 504 $aBibliografia: p. [383]-403. 650 4$aMorte (teologia).$0(OLS)http://pul/subject/4428 650 4$aBattesimo (teologia).$0(OLS)http://pul/subject/34504 650 4$aEscatologia$xStudi.$0(OLS)http://pul/subject/25447 710 2 $aPontificia Università Gregoriana.$bFacoltà di teologia.$kTesi.$0(OLS)http://pul/name/81592 850 $aPUL 852 $aPUL$W1$xDP1 Tesi Pon. Univ. Gregoriana$y40$m2018 B 36$j196973$qTesi$B201736$CPULBib$Z2$F201736 $82 941 1 $a16 996 $6020$a978-617-7706-84-6*$9(OLS)http://pul/number/166987 996 $6245$aDall'Inferno alla salvezza : $ble ragioni del cambiamento riguardo il destino eterno dei bambini che muoiono senza Battesimo$9(OLS)http://pul/title/214026 996 $6260$aRoma :$b[s.n.]$9(OLS)http://pul/publisher/47958